| 000 | 00633nam a2200205Ia 4500 | ||
|---|---|---|---|
| 003 | IN-BaIIA | ||
| 008 | 211028s9999 xx 000 0 eng d | ||
| 020 | _a0-300-02146-1 | ||
| 040 | _cIIA Library | ||
| 080 |
_a524.83 _bCLO |
||
| 100 |
_aCloud, Preston _911187 |
||
| 245 | 0 |
_aCosmos, earth, and man _ba short history of the universe _cPreston Cloud |
|
| 260 |
_aNew Haven _bYale University Press _c1978 |
||
| 300 | _axvi, 372p. | ||
| 650 | _aAstronomy and astrophysics thesaurus | ||
| 650 | _aCosmology | ||
| 650 |
_aEarth sciences _94578 |
||
| 650 |
_aUniverse _91987 |
||
| 942 | _cBK | ||
| 999 |
_c6536 _d6536 |
||